| 000 | 00685nam a2200229Ia 4500 | ||
|---|---|---|---|
| 008 | 160517s9999 xx 000 0 und d | ||
| 050 | _aG 155.A1 | ||
| 050 | _b.B947 2016 | ||
| 100 | _aBurce, Jacqueline Grace. | ||
| 245 | _aTourism development plan for peple's park in the sky / | ||
| 245 | _cJacqueline Grace Burce, Carlos Urban Palacios, Jannah Pamintuan, Philip Perez. | ||
| 260 | _aLas PiƱas, Philippines : | ||
| 260 | _bSISC, | ||
| 260 | _c2016. | ||
| 300 | _a71 pages : | ||
| 300 | _billustrations ; | ||
| 300 | _c28 cm. | ||
| 500 | _aIncludes bibliographical references and appendices. | ||
| 521 | _aTourism | ||
| 650 | _aTourism management. | ||
| 942 | _cTH | ||
| 999 |
_c293904 _d293904 |
||